000 005580000a22001570004500
090 _aAR
_b01671
245 1 0 _aRe-viewing the map: America's, Empty wilderness: for native americans in what is now the United State, loss of land has meant loss of life for 500 years
650 1 4 _aComunidades locales
_93678
650 1 4 _aRecursos naturales
_992719
650 1 4 _aEpidemiologĂ­a
_978771
651 4 _pEstados Unidos
_992749
041 0 _aInglés
100 1 _aWood, Peter H.
_995093
942 _cARTICULO
773 1 _tCultura Survival Quarterly
_3578
_q59-62
_d1992
999 _c10751
_d10751